Top 150 contractors and housebuilders (Record no. 84210)

MARC details
000 -LEADER
fixed length control field 00865cab a22001935a 4500
001 - CONTROL NUMBER
control field L156954
008 - FIXED-LENGTH DATA ELEMENTS--GENERAL INFORMATION
fixed length control field 120731e20120722 000 0 eng u
035 ## - SYSTEM CONTROL NUMBER
System control number (Sirsi) u156954
041 0# - LANGUAGE CODE
Language code of text/sound track or separate title eng
100 1# - MAIN ENTRY--PERSONAL NAME
Personal name McMeeken, Roxane
245 00 - TITLE STATEMENT
Title Top 150 contractors and housebuilders
260 ## - PUBLICATION, DISTRIBUTION, ETC.
Date of publication, distribution, etc. 2012
490 #0 - SERIES STATEMENT
Series statement Building
Volume/sequential designation (8738) 21 July 2012, 32-43(8)
520 ## - SUMMARY, ETC.
Summary, etc. Annual league tables of the UK's top contractors and housebuilders; top 150 contractors and housebuilders by turnover; top 20 contractors by contracting turnover; top 20 housebuilders by housing turnover. Also includes methodology and notes, commentary, and case studies about facilities management, new entrant's success in Sierra Leone, and how housebuilders are really doing.
651 #4 - SUBJECT ADDED ENTRY--GEOGRAPHIC NAME
Geographic name United Kingdom
Chronological subdivision
651 #4 - SUBJECT ADDED ENTRY--GEOGRAPHIC NAME
Geographic name Sierra Leone
690 ## - LOCAL SUBJECT ADDED ENTRY--TOPICAL TERM (OCLC, RLIN)
Topical term or geographic name as entry element Construction management
9 (RLIN) 6230
942 ## - ADDED ENTRY ELEMENTS (KOHA)
Suppress in OPAC 0
Holdings
Withdrawn status Lost status Source of classification or shelving scheme Damaged status Not for loan Home library Current library Shelving location Date acquired Total Checkouts Full call number Barcode Date last seen Copy number Price effective from Koha item type
    Dewey Decimal Classification     London London Journal article 31/07/2012   L156954 156954-1001 06/08/2019 1 06/08/2019 Journal article